书目信息 |
| 题名: |
第五届多相流、传热传质与能源转换国际会议论文集
|
|
| 作者: | 郭烈锦 , 陈学俊 , 林宗虎 主编 | |
| 分册: | ||
| 出版信息: | 西安 西安交通大学出版社 2006.08 |
|
| 页数: | 1册 | |
| 开本: | 30cm | |
| 丛书名: | ||
| 单 册: | ||
| 中图分类: | O359 | |
| 科图分类: | ||
| 主题词: | 传热传质--chuan re chuan zhi--国际学术会议--英文--文集 , 能源转换--neng yuan zhuan huan--国际学术会议--英文--文集 , 多相流--duo xiang liu--国际学术会议--英文--文集 | |
| 电子资源: | ||
| ISBN: | 7-5605-2182-7 | |
| 000 | 01410nam0 2200289 450 | |
| 001 | 012006829969 | |
| 005 | 20071011100414.20 | |
| 010 | @a7-5605-2182-7@dCNY100.00 | |
| 100 | @a20061031d2006 km y0chiy0120 ea | |
| 101 | 0 | @aeng |
| 102 | @aCN@b610000 | |
| 105 | @aa z 000yy | |
| 200 | 1 | @a第五届多相流、传热传质与能源转换国际会议论文集@Adi wu jie duo xiang liu、chuan re chuan zhi yu neng yuan zhuan huan guo ji hui yi lun wen ji@d= Proceedings of the 5th international symposium on multiphase flow, heat mass transfer and energy conversion@f郭烈锦, 陈学俊, 林宗虎主编@Fguo lie jin,chen xue jun,lin zong hu zhu bian@zeng |
| 205 | @a影印版 | |
| 210 | @a西安@c西安交通大学出版社@d2006.08 | |
| 215 | @a1册@c图@d30cm | |
| 330 | @a本论文集共收集有关多相流与传热方面的文章100余篇,反映了最新的国家科研成果。重点阐述了多相流、传热传质与能量转换方面的研究在工程热物理领域的重要性。 | |
| 510 | 1 | @aProceedings of the 5th international symposium on multiphase flow, heat mass transfer and energy conversion@zeng |
| 606 | 0 | @a传热传质@Achuan re chuan zhi@x国际学术会议@x英文@j文集 |
| 606 | 0 | @a能源转换@Aneng yuan zhuan huan@x国际学术会议@x英文@j文集 |
| 606 | 0 | @a多相流@Aduo xiang liu@x国际学术会议@x英文@j文集 |
| 690 | @aO359@v4 | |
| 701 | 0 | @a郭烈锦@Aguo lie jin@4主编 |
| 701 | 0 | @a陈学俊@Achen xue jun@4主编 |
| 701 | 0 | @a林宗虎@Alin zong hu@4主编 |
| 801 | 0 | @aCN@c20071011 |
| 905 | @dO359@eG812 | |
| 第五届多相流、传热传质与能源转换国际会议论文集= Proceedings of the 5th international symposium on multiphase flow, heat mass transfer and energy conversion/郭烈锦, 陈学俊, 林宗虎主编.-影印版.-西安:西安交通大学出版社,2006.08 |
| 1册:图;30cm |
| ISBN 7-5605-2182-7:CNY100.00 |
| 本论文集共收集有关多相流与传热方面的文章100余篇,反映了最新的国家科研成果。重点阐述了多相流、传热传质与能量转换方面的研究在工程热物理领域的重要性。 |
| ● |
| 相关链接 |
|
|
|
正题名:第五届多相流、传热传质与能源转换国际会议
索取号:O359/G812
 
预约/预借
| 序号 | 登录号 | 条形码 | 馆藏地/架位号 | 状态 | 备注 |
| 1 | 230056 | 202300562 | 自科库401/401自科库 53排7列5层/ [索取号:O359/G812] | 在馆 | |
| 2 | 230057 | 202300571 | 自科库401/401自科库 53排7列5层/ [索取号:O359/G812] | 在馆 | |
| 3 | 230058 | 202300580 | 自科库401/401自科库 53排7列5层/ [索取号:O359/G812] | 在馆 | |
| 4 | 242418 | 202424180 | 自科库401/401自科库 53排7列4层/ [索取号:O359/G812] | 在馆 | |
| 5 | 242419 | 202424199 | 自科库401/401自科库 53排7列4层/ [索取号:O359/G812] | 在馆 | |
| 6 | 242420 | 202424206 | 自科库401/401自科库 53排7列4层/ [索取号:O359/G812] | 在馆 |